00760nam a2200217Ia 450000500170000000800410001702000180005804100080007608200180008410000200010224500360012225000120015826000390017030000090020950000320021865000390025070000510028994200070034099900170034795201780036420230503091041.0230125s9999 xx 000 0 und d a9788178817231 aeng a658.3124bRAJ aRaju P V L, Ed. aTraining : Needs and Evaluation a1st Ed. c2005bICFAI publicationaHyderabad a183p aTraining;ICFAI Series Book  aTraining;ICFAI Series Book9181352 aRaju P V L, Ed. & Abhyankar M W, Donor9115871 cDB c93640d93640 00104070aHIMRbHIMRd2015-06-18eDonated Book- Outside Donarg1.00l1m2o658.3124 RAJ DB2021pHIMR-DB-2021r2023-10-18 00:00:00s2023-10-04v1.00w2023-01-25yDBzDB2021